000 00668nam a2200193 a 4500
005 20140310183354.0
008 121201s19uu xx 00 eng d
020 _a9781425807887
050 _aQA 42
_b.G616 2011
100 _aGojak, Linda
245 _aWhat's your math problem!?! :
_bgetting to the heart of teaching problem solving /
_cauthor, Linda Gojak ; foreword by Laney Sammons.
260 _aHuntington Beach, CA :
_bShell Education,
_c2011.
300 _a240 p. :
_bill. ;
_c23 cm.
500 _aIncludes bibliographical references
650 _aProblem solving
650 _aMathematics
_xStudy and teaching
942 _cBK
_2lcc
_kFOR
999 _c22170
_d22170